000 00684nam a2200205 a 4500
001 2014480
003 AM-YeHGA
005 20250911104457.0
008 250410s1951 le ||||||||||00||0|arm|d
040 _aAM-YeHGA
041 0 _aarm
100 1 _aԴեմիրճյան, Դերենիկ Կարապետի,
_d1877-1956
245 1 0 _aՎարդանանք :
_bՊատմական վէպ /
_cԴերենիկ Դեմիրճեան.
260 _aՊէյրութ :
_bԱրարատ,
_c1951.
300 _aհատոր
440 0 _aՄատենաշար «Արարատ»ի ;
_vթիւ 1
505 1 0 _gՀ. 2 (1951, 618 էջ)
650 1 4 _aՀայ գրականություն
_xՊատմավեպ
942 _2udc
_cBK
999 _c534241
_d534241